Theoretical, experimental, and numerical contributions to the mechanics of fluids and solids: Papers in honor P M Naghdi (Record no. 120451)

MARC details
000 -LEADER
fixed length control field 00444nam a2200145Ia 4500
008 - FIXED-LENGTH DATA ELEMENTS--GENERAL INFORMATION
fixed length control field 230917s9999||||xx |||||||||||||| ||und||
040 ## - CATALOGING SOURCE
-- 105026
Original cataloging agency VIVEKANANDA LIBRARY
041 ## - Language
-- English
082 ## - DDC NUMBER
Classification number 531 T343T
100 ## - MAIN ENTRY--PERSONAL NAME
Personal name Casey, James, Ed.
245 #0 - TITLE STATEMENT
Title Theoretical, experimental, and numerical contributions to the mechanics of fluids and solids: Papers in honor P M Naghdi
260 ## - PUBLICATION, DISTRIBUTION, ETC. (IMPRINT)
Place of publication, distribution, etc Boston
Name of publisher, distributor, etc Birkhauser
Date of publication, distribution, etc 1995
300 ## - PHYSICAL DESCRIPTION
Pages S847 p.
942 ## - ADDED ENTRY ELEMENTS (KOHA)
Koha item type Books
Holdings
Withdrawn status Lost status Damaged status Not for loan Location (home branch) Sublocation or collection (holding branch) Date acquired Koha issues (times borrowed) Koha full call number Accession No. Koha date last seen Koha item type
        VIVEKANANDA LIBRARY VIVEKANANDA LIBRARY 31/01/2005   531 T343T 213069 17/09/2023 Books
© Designed and Maintained by Vivekananda Library, MDU Rohtak